000252314 001__ 252314
000252314 005__ 20240928175030.0
000252314 0247_ $$aG:(GEPRIS)253541349$$d253541349
000252314 035__ $$aG:(GEPRIS)253541349
000252314 040__ $$aGEPRIS$$chttp://gepris.its.kfa-juelich.de
000252314 150__ $$aSupra-optimal Aktivierung des FcepsilonRI – eine Bedingung zur Identifizierung von unterdrückenden Mechanismen im Rahmen der Mastzellaktivierung$$y2014 - 2023
000252314 371__ $$aProfessor Dr. Michael Huber
000252314 450__ $$aDFG project G:(GEPRIS)253541349$$wd$$y2014 - 2023
000252314 5101_ $$0I:(DE-588b)2007744-0$$aDeutsche Forschungsgemeinschaft$$bDFG
000252314 680__ $$a
000252314 909CO $$ooai:juser.fz-juelich.de:918916$$pauthority$$pauthority:GRANT
000252314 909CO $$ooai:juser.fz-juelich.de:918916
000252314 980__ $$aG
000252314 980__ $$aAUTHORITY